000
00331nam a2200121Ia 4500
008
160609s9999 xx 000 0 und d
100
_a
Liu, Hanlin/
245
_a
Landscape Competition
245
_c
By:Hanlin Liu
260
_c
2012
650
_x
DESIGN CONCEPTS AND PRINCIPLES
856
_u
http://file.ebook777.com/010/LanCom.pdf
999
_c
295738
_d
295738